平成以降の幕内最高優勝力士 - Statistics

General Stats
  • This quiz has been taken 688 times
    81 since last reset
  • The average score is 183 of 220
Answer Stats
場所 四股名 部屋 % Correct
夏場所 白鵬 翔 宮城野
98%
春場所 白鵬 翔 宮城野
98%
夏場所 白鵬 翔 宮城野
98%
秋場所 白鵬 翔 宮城野
98%
九州場所 白鵬 翔 宮城野
98%
初場所 白鵬 翔 宮城野
98%
名古屋場所 白鵬 翔 宮城野
98%
秋場所 白鵬 翔 宮城野
98%
九州場所 白鵬 翔 宮城野
98%
春場所 白鵬 翔 宮城野
98%
名古屋場所 白鵬 翔 宮城野
98%
九州場所 白鵬 翔 宮城野
98%
春場所 白鵬 翔 宮城野
98%
夏場所 白鵬 翔 宮城野
98%
名古屋場所 白鵬 翔 宮城野
98%
秋場所 白鵬 翔 宮城野
98%
九州場所 白鵬 翔 宮城野
98%
初場所 白鵬 翔 宮城野
98%
夏場所 白鵬 翔 宮城野
98%
秋場所 白鵬 翔 宮城野
98%
九州場所 白鵬 翔 宮城野
98%
春場所 白鵬 翔 宮城野
98%
九州場所 白鵬 翔 宮城野
98%
春場所 白鵬 翔 宮城野
98%
夏場所 白鵬 翔 宮城野
98%
名古屋場所 白鵬 翔 宮城野
98%
秋場所 白鵬 翔 宮城野
98%
初場所 白鵬 翔 宮城野
98%
夏場所 白鵬 翔 宮城野
98%
名古屋場所 白鵬 翔 宮城野
98%
秋場所 白鵬 翔 宮城野
98%
九州場所 白鵬 翔 宮城野
98%
初場所 白鵬 翔 宮城野
98%
春場所 白鵬 翔 宮城野
98%
名古屋場所 白鵬 翔 宮城野
98%
春場所 白鵬 翔 宮城野
98%
夏場所 白鵬 翔 宮城野
98%
夏場所 白鵬 翔 宮城野
98%
名古屋場所 白鵬 翔 宮城野
98%
九州場所 白鵬 翔 宮城野
98%
秋場所 白鵬 翔 宮城野
98%
春場所 白鵬 翔 宮城野
98%
九州場所 白鵬 翔 宮城野
98%
春場所 白鵬 翔 宮城野
98%
名古屋場所 白鵬 翔 宮城野
98%
初場所 貴花田 光司 藤島
96%
秋場所 貴花田 光司 藤島
96%
夏場所 貴ノ花 光司 二子山
96%
初場所 貴ノ花 光司 二子山
96%
夏場所 貴ノ花 光司 二子山
96%
秋場所 貴ノ花 光司 二子山
96%
九州場所 貴乃花 光司 二子山
96%
初場所 貴乃花 光司 二子山
96%
夏場所 貴乃花 光司 二子山
96%
名古屋場所 貴乃花 光司 二子山
96%
秋場所 貴乃花 光司 二子山
96%
春場所 貴乃花 光司 二子山
96%
夏場所 貴乃花 光司 二子山
96%
名古屋場所 貴乃花 光司 二子山
96%
秋場所 貴乃花 光司 二子山
96%
春場所 貴乃花 光司 二子山
96%
名古屋場所 貴乃花 光司 二子山
96%
秋場所 貴乃花 光司 二子山
96%
名古屋場所 貴乃花 光司 二子山
96%
秋場所 貴乃花 光司 二子山
96%
初場所 貴乃花 光司 二子山
96%
夏場所 貴乃花 光司 二子山
96%
九州場所 朝青龍 明徳 高砂
96%
初場所 朝青龍 明徳 高砂
96%
夏場所 朝青龍 明徳 高砂
96%
秋場所 朝青龍 明徳 高砂
96%
初場所 朝青龍 明徳 高砂
96%
春場所 朝青龍 明徳 高砂
96%
夏場所 朝青龍 明徳 高砂
96%
名古屋場所 朝青龍 明徳 高砂
96%
九州場所 朝青龍 明徳 高砂
96%
初場所 朝青龍 明徳 高砂
96%
春場所 朝青龍 明徳 高砂
96%
夏場所 朝青龍 明徳 高砂
96%
名古屋場所 朝青龍 明徳 高砂
96%
秋場所 朝青龍 明徳 高砂
96%
九州場所 朝青龍 明徳 高砂
96%
春場所 朝青龍 明徳 高砂
96%
名古屋場所 朝青龍 明徳 高砂
96%
秋場所 朝青龍 明徳 高砂
96%
九州場所 朝青龍 明徳 高砂
96%
初場所 朝青龍 明徳 高砂
96%
名古屋場所 朝青龍 明徳 高砂
96%
春場所 朝青龍 明徳 高砂
96%
初場所 朝青龍 明徳 高砂
96%
秋場所 朝青龍 明徳 高砂
96%
初場所 朝青龍 明徳 高砂
96%
春場所 若花田 勝 二子山
91%
九州場所 若乃花 勝 二子山
91%
初場所 若乃花 勝 二子山
91%
春場所 若乃花 勝 二子山
91%
夏場所 若乃花 勝 二子山
91%
夏場所 日馬富士 公平 伊勢ヶ濱
91%
名古屋場所 日馬富士 公平 伊勢ヶ濱
91%
名古屋場所 日馬富士 公平 伊勢ヶ濱
91%
秋場所 日馬富士 公平 伊勢ヶ濱
91%
初場所 日馬富士 公平 伊勢ヶ濱
91%
九州場所 日馬富士 公平 伊勢ヶ濱
91%
九州場所 日馬富士 公平 伊勢ヶ濱
91%
名古屋場所 日馬富士 公平 伊勢ヶ濱
91%
秋場所 日馬富士 公平 伊勢ヶ濱
91%
春場所 千代の富士 貢 九重
89%
名古屋場所 千代の富士 貢 九重
89%
秋場所 千代の富士 貢 九重
89%
初場所 千代の富士 貢 九重
89%
九州場所 千代の富士 貢 九重
89%
名古屋場所 武蔵丸 光洋 武蔵川
89%
九州場所 武蔵丸 光洋 武蔵川
89%
初場所 武蔵丸 光洋 武蔵川
89%
春場所 武蔵丸 光洋 武蔵川
89%
夏場所 武蔵丸 光洋 武蔵川
89%
秋場所 武蔵丸 光洋 武蔵川
89%
九州場所 武蔵丸 光洋 武蔵川
89%
秋場所 武蔵丸 光洋 武蔵川
89%
九州場所 武蔵丸 光洋 武蔵川
89%
春場所 武蔵丸 光洋 武蔵川
89%
夏場所 武蔵丸 光洋 武蔵川
89%
秋場所 武蔵丸 光洋 武蔵川
89%
夏場所 曙 太郎 東関
87%
九州場所 曙 太郎 東関
87%
初場所 曙 太郎 東関
87%
名古屋場所 曙 太郎 東関
87%
秋場所 曙 太郎 東関
87%
九州場所 曙 太郎 東関
87%
春場所 曙 太郎 東関
87%
春場所 曙 太郎 東関
87%
夏場所 曙 太郎 東関
87%
名古屋場所 曙 太郎 東関
87%
九州場所 曙 太郎 東関
87%
春場所 鶴竜 力三郎 井筒
87%
夏場所 照ノ富士 春雄 伊勢ヶ濱
87%
秋場所 鶴竜 力三郎 井筒
87%
九州場所 鶴竜 力三郎 井筒
87%
春場所 鶴竜 力三郎 井筒
87%
夏場所 鶴竜 力三郎 井筒
87%
名古屋場所 鶴竜 力三郎 井筒
87%
七月場所 照ノ富士 春雄 伊勢ヶ濱
87%
春場所 照ノ富士 春雄 伊勢ヶ濱
87%
夏場所 照ノ富士 春雄 伊勢ヶ濱
87%
秋場所 照ノ富士 春雄 伊勢ヶ濱
87%
九州場所 照ノ富士 春雄 伊勢ヶ濱
87%
夏場所 照ノ富士 春雄 伊勢ヶ濱
87%
夏場所 照ノ富士 春雄 伊勢ヶ濱
87%
初場所 照ノ富士 春雄 伊勢ヶ濱
87%
名古屋場所 照ノ富士 春雄 伊勢ヶ濱
87%
夏場所 大の里 泰輝 二所ノ関
85%
秋場所 大の里 泰輝 二所ノ関
85%
春場所 大の里 泰輝 二所ノ関
85%
夏場所 大の里 泰輝 二所ノ関
85%
秋場所 大の里 泰輝 二所ノ関
85%
初場所 稀勢の里 寛 田子ノ浦
83%
春場所 稀勢の里 寛 田子ノ浦
83%
名古屋場所 豊昇龍 智勝 立浪
83%
初場所 豊昇龍 智勝 立浪
83%
初場所 琴奨菊 和弘 佐渡ヶ嶽
77%
夏場所 魁皇 博之 友綱
75%
春場所 魁皇 博之 友綱
75%
名古屋場所 魁皇 博之 友綱
75%
名古屋場所 魁皇 博之 友綱
75%
秋場所 魁皇 博之 友綱
75%
初場所 千代大海 龍二 九重
74%
名古屋場所 千代大海 龍二 九重
74%
春場所 千代大海 龍二 九重
74%
秋場所 豪栄道 豪太郎 境川
74%
九州場所 安青錦 新大 安治川
72%
初場所 霧島 一博 井筒
70%
夏場所 琴欧洲 勝紀 佐渡ヶ嶽
70%
春場所 霧馬山 鐵雄 陸奥
70%
九州場所 霧島 鐵力 陸奥
70%
九州場所 貴景勝 光信 千賀ノ浦
66%
初場所 玉鷲 一朗 片男波
66%
初場所 徳勝龍 誠 木瀬
66%
十一月場所 貴景勝 光信 千賀ノ浦
66%
秋場所 玉鷲 一朗 片男波
66%
初場所 貴景勝 光信 常盤山
66%
秋場所 貴景勝 貴信 常盤山
66%
初場所 把瑠都 凱斗 尾上
64%
初場所 栃ノ心 剛史 春日野
64%
九州場所 小錦 八十吉 高砂
60%
九州場所 小錦 八十吉 高砂
60%
春場所 小錦 八十吉 高砂
60%
名古屋場所 御嶽海 久司 出羽海
60%
夏場所 朝乃山 英樹 高砂
60%
秋場所 御嶽海 久司 出羽海
60%
初場所 御嶽海 久司 出羽海
60%
初場所 栃東 大裕 玉ノ井
57%
九州場所 栃東 大裕 玉ノ井
57%
初場所 栃東 大裕 玉ノ井
57%
九州場所 阿炎 政虎 錣山
55%
九州場所 琴櫻 将傑 佐渡ヶ嶽
55%
夏場所 旭天鵬 勝 友綱
51%
夏場所 旭富士 正也 大島
49%
名古屋場所 旭富士 正也 大島
49%
夏場所 旭富士 正也 大島
49%
秋場所 琴光喜 啓司 佐渡ヶ嶽
49%
春場所 若隆景 渥 荒汐
49%
名古屋場所 逸ノ城 駿
49%
春場所 尊富士 弥輝也 伊勢ヶ濱
49%
初場所 北勝海 信芳 九重
47%
夏場所 北勝海 信芳 九重
47%
春場所 北勝海 信芳 九重
47%
秋場所 北勝海 信芳 九重
47%
春場所 北勝海 信芳 九重
47%
秋場所 正代 直也 時津風
47%
秋場所 琴錦 功宗 佐渡ヶ嶽
43%
九州場所 琴錦 功宗 佐渡ヶ嶽
43%
初場所 武双山 正士 武蔵川
43%
春場所 貴闘力 忠茂 二子山
42%
初場所 貴ノ浪 貞博 二子山
38%
九州場所 貴ノ浪 貞博 二子山
38%
名古屋場所 琴勝峰 吉成 佐渡ヶ嶽
36%
名古屋場所 出島 武春 武蔵川
34%
初場所 大栄翔 勇人 追手風
32%
名古屋場所 水戸泉 政人 高砂
23%
名古屋場所 琴富士 孝也 佐渡ヶ嶽
21%
No matching quizzes found
Score Distribution
Percent of People with Each Score
Percentile by Number Answered
Your Score History
You have not taken this quiz since the last reset